LIBRARY & INFORMATION CENTRE, KCAET, TAVANUR

ONLINE PUBLIC ACCESS CATALOGUE (OPAC)

Numerical methods for engineers / (Record no. 2221)

MARC details
000 -LEADER
fixed length control field 00524cam a2200193ua 4500
020 ## - INTERNATIONAL STANDARD BOOK NUMBER
ISBN 81-224-0651-3
041 ## - LANGUAGE CODE
Language code of text/sound track or separate title eng
082 ## - DEWEY DECIMAL CLASSIFICATION NUMBER
Classification number 515
Item number GUP/NU
100 ## - MAIN ENTRY--AUTHOR NAME
Personal name Gupta, Santhosh K .
245 ## - TITLE STATEMENT
Title Numerical methods for engineers /
250 ## - EDITION STATEMENT
Edition statement 1 /
260 ## - PUBLICATION, DISTRIBUTION, ETC. (IMPRINT)
Place of publication New Delhi :
Name of publisher New Age International Ltd wily Eastern Limited ,
Year of publication 1995.
300 ## - PHYSICAL DESCRIPTION
Number of Pages 407 ; .
942 ## - ADDED ENTRY ELEMENTS (KOHA)
Koha item type Books
Holdings
Withdrawn status Lost status Damaged status Home library Current library Date acquired Full call number Accession Number Koha item type
      KAUAET KAUAET 07/04/2012 515 20399 Books
      KAUAET KAUAET 07/04/2012 515 19977 Books
free website counter